UEFA Cup/UEFA Europa League Winners - Statistics

General Stats
  • This quiz has been taken 1,346 times
    1,315 since last reset
  • The average score is 25 of 42
Answer Stats
Year Winner % Correct
2006 Sevilla
87%
2007 Sevilla
87%
2013 Chelsea
84%
1973 Liverpool
83%
1976 Liverpool
83%
2001 Liverpool
83%
1991 Internazionale
79%
1994 Internazionale
79%
1998 Internazionale
79%
2003 Porto
79%
2011 Porto
79%
1992 Ajax
73%
2010 Atlético Madrid
73%
2012 Atlético Madrid
73%
1977 Juventus
72%
1990 Juventus
72%
1993 Juventus
72%
1985 Real Madrid
72%
1986 Real Madrid
72%
1996 Bayern Munich
71%
1978 PSV Eindhoven
64%
2004 Valencia
63%
1974 Feyenoord
59%
2002 Feyenoord
59%
1972 Tottenham Hotspur
58%
1984 Tottenham Hotspur
58%
2008 Zenit Saint Petersburg
50%
1989 Napoli
45%
2005 CSKA Moscow
44%
2000 Galatasaray
42%
1997 Schalke 04
40%
1995 Parma
39%
1999 Parma
39%
2009 Shakhtar Donetsk
39%
1988 Bayer Leverkusen
33%
1983 Anderlecht
32%
1975 Borussia Mönchengladbach
31%
1979 Borussia Mönchengladbach
31%
1981 Ipswich Town
24%
1982 IFK Göteborg
19%
1987 IFK Göteborg
19%
1980 Eintracht Frankfurt
12%
No matching quizzes found
Score Distribution
Percent of People with Each Score
Percentile by Number Answered
Your Score History
You have not taken this quiz since the last reset